000
nam a22 7a 4500
999
_c
233697
_d
233697
003
Nust
005
20170310105152.0
008
170310b xxu||||| |||| 00| 0 eng d
040
_c
DLC
082
_a
625.80994 MAR
100
_a
Martin Tim
245
_a
Interim Works Effects Models (Report)
942
_2
ddc
_c
BK